Stanislav Polek vkladá do diel pokoru ľudový rezbár z Košíc má pred drevom ešte i dnes trému

Bibliographic Details
Format: Article
Language:Slovak
PhysicalDescription:Fotogr.
ISSN:1335-4566
Subjects:

MARC

LEADER 00000nab a2200000 a 4500
001 vtls009322379
003 SK-MaSNL
005 20260411035630.0
008 080815c20080815xo drz 0 0slo
038 |a KEVKJB 
040 |a KEVKJB  |b slo  |c KEVKJB  |e AACR2 
041 0 |a slo 
044 |a xo  |c SK 
080 |a 730.012.7  |2 2001 
080 |a 929 Polek, Stanislav  |2 2001 
245 1 0 |a Stanislav Polek vkladá do diel pokoru  |b ľudový rezbár z Košíc má pred drevom ešte i dnes trému  |c Andrea Nitkulincová 
300 |b Fotogr. 
600 1 7 |a Polek, Stanislav,  |d 1953-  |2 kevkjb  |9 161641 
650 0 7 |a umelecké rezbárstvo  |2 kevkjb  |9 2734 
651 7 |a Košice (Slovensko)  |2 kevkjb  |9 18694 
773 0 |t Košický Korzár  |g Roč. XI, č. 190 (15.8.2008)  |x 1335-4566 
773 0 8 |i Príl.:  |t Pohoda  |g S. 4 
852 |a KEVKJB  |b KIS3GCP 
958 |a BX 
999 |c 1727421  |d 1729351